000 00673nam a2200181Ia 4500
008 151202s9999||||xx |||||||||||||| ||und||
082 _bPNVM-7029
100 _aमिराशी वा. वि.
245 _aविदर्भ संशोधनाचा इतिहास.
260 _b"आनंद प्रक ाशन,यवतमाळ."
260 _c0
300 _a248
600 _aमिराशी वा. वि.
630 _aविदर्भ संशोधनाचा इतिहास.
700 _aमिराशी वा. वि.
730 _aविदर्भ संशोधनाचा इतिहास.
942 _cBOOK
999 _c1273021
_d1273018